banner koha

Pteridaceae da reserva ecológica de Macaé de Cima, Nova Friburgo, Rio De Janeiro, Brasil (Registro n. 328233)

MARC details
000 -LÍDER
fixed length control field 02064nab a2200241 i 4500
003 - CÓDIGO MARC DA AGÊNCIA CATALOGADORA
Campo de controle BR-BrBNA
005 - DATA E HORA DA ÚLTIMA ATUALIZAÇÃO
Campo de controle 20241022133802.0
008 - CAMPO DE TAMANHO FIXO
fixed length control field 241022b2005 bl.qr|pooa||| 00| 0 por |
040 ## - FONTE DA CATALOGAÇÃO
Agência catalogadora BR-BrBNA
Idioma da catalogação por
072 ## - CATEGORIA AGRIS
Código AGRIS F70
100 ## - ENTRADA PRINCIPAL - NOME PESSOAL
Nome pessoal Prado, Jefferson
245 ## - TÍTULO PRINCIPAL
Título principal Pteridaceae da reserva ecológica de Macaé de Cima, Nova Friburgo, Rio De Janeiro, Brasil
500 ## - NOTA GERAL
Nota geral Publicação on-line; 16 ref.; 1 illus.; Summaries (En, Pt)
942 ## - ADDED ENTRY ELEMENTS (KOHA)
Koha item type Analítica
520 ## - NOTA DE RESUMO
Nota de conteúdo <br/><br/>RESUMO<br/><br/>(Pteridaceae da Reserva Ecológica de Macaé de Cima, Nova Friburgo, Rio de Janeiro, Brasil) No presente<br/>trabalho é apresentado o tratamento taxonômico da família Pteridaceae na Reserva Ecológica de Macaé de<br/>Cima. A família está representada na área por três espécies e dois gêneros: Doryopteris acutiloba (Prantl)<br/>Diels, Pteris decurrens C.Presl e P. deflexa Link.Para cada espécie sãoapresentados comentários, descrições,<br/>distribuição geográfica e ilustrações, bem como uma chave para identificação das mesmas.<br/><br/>Palavras-chave:Doryopteris, flora, pteridófitas, Pteris,taxonomia.
520 ## - NOTA DE RESUMO
Nota de conteúdo <br/><br/>ABSTRACT<br/><br/>(Pteridaceae of ReservaEcológica de Macaé deCima, Nova Friburgo, Rio de Janeiro, Brazil) Inthis paper is<br/>presented the taxonomic treatment of the familyPteridaceae in the Reserva ofMacaé de Cima. Inthe area the<br/>familyisrepresented bythree species and two genera: Doryopteris acutiloba (Prantl) Diels, Pteris decurrens<br/>C. Presl and P. deflexa Link. For each species are presented comments, descriptions, distribution, and<br/>illustrations as well as a key for itsidentification.<br/><br/>Key-words: Doryopteris, flora, pteridophytes, Pteris,taxonomy
650 ## - ASSUNTO - THESAGRO
Cabeçalho tópico ou nome geográfico FLORA
650 ## - ASSUNTO - THESAGRO
Cabeçalho tópico ou nome geográfico PTERIDÓFITA
650 ## - ASSUNTO - THESAGRO
Cabeçalho tópico ou nome geográfico TAXONOMIA
773 0# - ENTRADA ANALÍTICA
Host Biblionumber 709
Registro do item 345534
Imprenta Rio de Janeiro-RJ Jardim Botanico do Rio de Janeiro 1935
Outro identificador 2024-6119
Título Rodriguésia (Brazil)
ISSN 0370-6583; 2175-7860 on-line
Colação v. 56(87) p. 179-184; (2005)
Número de controle de registro BR2024003339
856 ## - ACESSO E ENDEREÇO ELETRÔNICO
Identificador uniforme de recurso - URI https://www.scielo.br/j/rod/a/FNWGhZ9MmLMGfpGSwnqPqwf/?format=pdf&lang=pt

Nenhum exemplar disponível.

BINAGRI

Telefone: (61)3218-2567/2388/3357/2097 - binagri@agro.gov.br

Ministério da Agricultura e Pecuária , Esplanada dos Ministérios, Bloco D, Anexo B, Brasília/DF, CEP: 70.043-900